Locations - Statistics

General Stats
  • This quiz has been taken 4 times
  • The average score is 2 of 10
Answer Stats
Hint Answer % Correct
Friday the 13th Crystal Lake
50%
Avengers Infinity War Wakanda
50%
Sonic The Hedgehog Green Hill Zone
25%
Among Us The Airship
25%
Mortal Kombat X Dead Woods
0%
Leprechaun Returns Devils Lake, North Dakota
0%
Plants vs Zombies 2 Far Future
0%
Halloween 2018 Haddonfield, Illinois
0%
Goosebumps Madison, Delaware
0%
Fortnite Stark Industries
0%
No matching quizzes found
Score Distribution
Percent of People with Each Score
Percentile by Number Answered
Your Score History
You have not taken this quiz